LDR 00955nam a2200253 i 4500 001 000000061068 003 CaOOAMICUS 005 20260529141308.0 008 980403s1998 it u000 u ita u 020 $a8802052336 040 $aSeMil$bita 100 1 $aRicossa, Sergio,$d<1927-2016>.$0(OLS)http://semarc/name/90785 245 10$aDizionario di economia /$cSergio Ricossa. 250 $a3. ed. aggiornata e ampliata 264 1$aTorino :$bUTET,$c1998. 300 $aXV, 581 p. ;$c26 cm 650 4$aEconomia - Enciclopedie e dizionari.$0(OLS)http://semarc/subject/1033 850 $aSeMil 852 $aSeMil$W1$xVenegono$y1$mSL1.M VII 7$j272804$B27221$CSeMilBibl$Z2$F27224 $8I 961 $aAcquisto: UTET (Agente) 996 $6020$a8802052336$9(OLS)http://semarc/number/37282 996 $6245$aDizionario di economia$9(OLS)http://semarc/title/81486 996 $6264$aTorino :$bUTET$9(OLS)http://semarc/publisher/29621